| 000 | 00346nam a22001457a 4500 | ||
|---|---|---|---|
| 008 | 210302b ||||| |||| 00| 0 eng d | ||
| 020 | _a9780761987826 | ||
| 041 | _aeng | ||
| 080 | _a316 | ||
| 082 | _a316 | ||
| 100 | _a50 | ||
| 101 | _aSOC | ||
| 245 |
_aSocial Problems Community, Policy, and Social Action _cGuerrero, A. L |
||
| 942 |
_2udc _cBK |
||
| 999 |
_c55451 _d55451 |
||